British Prime Ministers - Statistics

General Stats
  • This quiz has been taken 219 times
  • The average score is 10 of 15
Answer Stats
Hint Answer % Correct
Won the Falklands War Margaret Thatcher
94%
Iraq War Prime Minister Tony Blair
94%
Spent 64 years in politics, PM 1940-45, 1951-55 Sir Winston Churchill
92%
PM who held power during the 2008 recession Gordon Brown
81%
Prime Minister who oversaw the start of the NHS Clement Attlee
70%
World War I PM on Armistice Day, nicknamed 'The Goat' Lloyd George
70%
Prime Minister who oversaw the Suez Crisis Anthony Eden
68%
'It's the Sun wot won it' was a headline the day after this man became PM John Major
65%
First Labour Prime Minister, 1920's Ramsay MacDonald
59%
Prime Minister at the start of World War One Herbert Asquith
58%
PM criticised by a 16 year old William Hague who was subsequently beaten by Thatcher, 1970's James Callaghan
58%
19th century PM who gave Victoria title 'Empress of India' Benjamin Disraeli
56%
Liberal PM who served four terms during the 19th century, nicknamed 'Grand Old Man' William Gladstone
53%
Most recent PM with a double barrelled surname, 1960's Alec Douglas-Home
49%
PM who oversaw the General Strike Stanley Baldwin
49%
No matching quizzes found
Score Distribution
Percent of People with Each Score
Percentile by Number Answered
Your Score History
You have not taken this quiz